| 000 | 01256nam a2200241Ii 4500 | ||
|---|---|---|---|
| 003 | JO-AjNU | ||
| 005 | 20240624123601.0 | ||
| 008 | 230605s9999||||xx |||||||||||||| ||und|| | ||
| 040 |
_aJO-AjNU _bara _erda _cJO-AjNU |
||
| 041 | _aara | ||
| 050 | 1 | 4 | _aBP173.755 2018 |
| 100 | 1 |
_aمحمد، مبروكة بكار _eمعد _965550 |
|
| 245 | 0 | 0 |
_aامكانية توظيف اساليب التمويل الاسلاميه في اعادة اعمار ليبيا (دراسه ميدانيه) : The possibility of applying the islamic financing techiques in reconstruction of libya _cاعداد مبروكة بكار محمد ؛ إشراف محمود سليم الشويات |
| 260 | _c2018 | ||
| 300 | _a151ورقة | ||
| 336 |
_atext _btxt _2rdacontent |
||
| 337 |
_aunmediated _bn _2rdamedia |
||
| 338 |
_avolume _bnc _2rdacarrier |
||
| 500 | _aرساله جامعيه (ماجستير في المصارف الاسلاميه) - جامعة عجلون الوطنيه (عجلون ، الاردن) ، كلية ادارة الاعمال ، قسم المصارف الاسلاميه ، 2018 | ||
| 650 | 4 |
_aالتمويل الاسلامي-اعادة اعمار ليبيا _958210 |
|
| 700 | 1 |
_aالشويات، محمود سليم _965537 _eمشرف |
|
| 942 |
_2lcc _cTHS |
||
| 999 |
_c29696 _d29696 |
||